Normal view
MARC view
Entry Personal Name
001 - CONTROL NUMBER
- control field: 6996
003 - CONTROL NUMBER IDENTIFIER
- control field: BD-RjUL
005 - DATE AND TIME OF LATEST TRANSACTION
- control field: 20230214161010.0
008 - FIXED-LENGTH DATA ELEMENTS
- fixed length control field: 230214|| aca||aabn | a|a d
040 ## - CATALOGING SOURCE
- Original cataloging agency: BD-RjUL
- Transcribing agency: BD-RjUL
100 ## - HEADING--PERSONAL NAME
- Personal name: Ali, Md. Ansar, Supervisors
670 ## - SOURCE DATA FOUND
- Source citation: Work cat.: (BD-RjUL)81231: Moni, Zakiah Rahman 6993, Biological Characterization and Management of Rhizoctonia solani Causal Organism if Rice Sheath Blight Disease :, 2012